| 000 | 00675nam a2200205 i 4500 | ||
|---|---|---|---|
| 001 | 46824 | ||
| 003 | ES-MaACL | ||
| 005 | 20251003063100.0 | ||
| 007 | t| | ||
| 008 | 030401s1914 sp ||||1| spa d | ||
| 100 | 1 |
_aConrad, J., _d1839-1915 _940216 |
|
| 245 | 1 | 0 |
_aPolitische oekonomie _b: = historia de la economía / _cJ. Conrad ; trad. directa del alemán or J. Algarra. |
| 260 |
_aBarcelona : _b[s.n., _c1914] ( _fImprenta y librería de Montserrat) |
||
| 300 |
_a240 p. ; _c22 cm. |
||
| 650 | 0 | 4 |
_aEconomía- _vHistoria. _912012 |
| 700 | 1 |
_aAlgarra, J. _919885 |
|
| 740 | 0 | _aHistoria de la economía. | |
| 852 |
_aES-MaACL _jF-5543 |
||
| 999 |
_c46824 _d46824 |
||